| 000 | 00637nam a2200181Ia 4500 | ||
|---|---|---|---|
| 008 | 151018s9999 xx 000 0 und d | ||
| 082 |
_bRBASDV60312 _a341 |
||
| 100 | _aअभया शेलकर | ||
| 245 | _aपर्यावरण संरक्षण कायदा | ||
| 250 | _b2 | ||
| 260 |
_bनाशिक लॉ हाऊस _c2009 |
||
| 300 | _a202 | ||
| 600 | _aअभया शेलकर | ||
| 630 | _aपर्यावरण संरक्षण कायदा | ||
| 700 | _aअभया शेलकर | ||
| 730 | _aपर्यावरण संरक्षण कायदा | ||
| 942 | _cBOOK | ||
| 999 |
_c1053863 _d1053860 |
||